003820000a2200133000450024500620000004100140006270000220007670000290009870000180012770000240014570000230016910000250019277300310021710aConservación de los sistemas subterráneos en Colombia0 aEspañol1 aAndrade, Germán1 aBaptiste, Luis Guillermo1 aSalas, Danilo1 aVillareal, Héctor1 aArmenteras, Dolors1 aMuñoz Saba, Yaneth1 tBiosintesish10q1-4d1998